<?xml version="1.0" encoding="utf-8"?>
<?xml-stylesheet type='text/xsl' href='./oai2.xsl'?>
<OAI-PMH xmlns="http://www.openarchives.org/OAI/2.0/" xmlns:xsi="http://www.w3.org/2001/XMLSchema-instance" xsi:schemaLocation="http://www.openarchives.org/OAI/2.0/ http://www.openarchives.org/OAI/2.0/OAI-PMH.xsd">
  <responseDate>2026-06-07T09:51:38Z</responseDate>
  <request verb="GetRecord" metadataPrefix="marcxml" identifier="record_kuniweb_392313">https://kulturerbe.niedersachsen.de/oai</request>
  <GetRecord>
    <record>
      <header>
        <identifier>record_kuniweb_392313</identifier>
        <datestamp>2024-02-22T10:22:04Z</datestamp>
        <setSpec>slg0159</setSpec>
      </header>
      <metadata>
        <marc:record xmlns:marc="http://www.loc.gov/MARC21/slim" xsi:schemaLocation="http://www.loc.gov/MARC21/slim http://www.loc.gov/standards/marcxml/schema/MARC21slim.xsd">
          <marc:leader>12345nrm  22     uu 4500</marc:leader>
          <marc:controlfield tag="001">392313</marc:controlfield>
          <marc:controlfield tag="003">http://kuniweb.gbv.de</marc:controlfield>
          <marc:controlfield tag="005">2023-10-25T15:01:45</marc:controlfield>
          <marc:controlfield tag="008">|           ||||||||||||||||||||||</marc:controlfield>
          <marc:datafield tag="245" ind1="1" ind2="0">
            <marc:subfield code="a">Urkundenlade</marc:subfield>
          </marc:datafield>
          <marc:datafield tag="655" ind1=" " ind2="7">
            <marc:subfield code="a">Kunsthandwerk</marc:subfield>
          </marc:datafield>
          <marc:datafield tag="046" ind1=" " ind2=" ">
            <marc:subfield code="k">1560</marc:subfield>
            <marc:subfield code="k">1560 - 1580</marc:subfield>
            <marc:subfield code="l">1580</marc:subfield>
          </marc:datafield>
          <marc:datafield tag="260" ind1=" " ind2=" ">
            <marc:subfield code="g">1560</marc:subfield>
            <marc:subfield code="g">1580</marc:subfield>
            <marc:subfield code="g">1560 - 1580</marc:subfield>
          </marc:datafield>
          <marc:datafield tag="300" ind1=" " ind2=" ">
            <marc:subfield code="a">Breite: 61,8 cm
Höhe: 20,5 cm</marc:subfield>
          </marc:datafield>
          <marc:datafield tag="520" ind1=" " ind2=" ">
            <marc:subfield code="a">Aus der Großherzoglichen Altertümersammlung. Der Kasten hat eine rechteckige Form und einen Klappdeckel mit eisernen Angelbändern. Die Wandungen und der Deckel haben eine durchbrochene Eisenblecheinfassung aus ösen artig verschlungenen Bändern. Der Grund, von dem sich die Schnitzerei abhebt, ist durch eingeritzte Zeichnung und durch verstreute Rosetten, Kreise, Sterne oder Dreiecke belebt. Auf dem Klappdeckel befinden sich eine Mitterosette und ein eckig gebogener gedrehter Eisengriff. Von der Rosette geht das Renaissanceornament mit Rollwerk und durchgezogenen Fruchtschnüren aus. In jeder Ecke ist ein Engel, der die Posaune bläst. Neben der Rosette ist je ein Wappen mit Helm und Helmdecke. Auf der Wandung sind Bilder aus der Jugendgeschichte Christi geschnitzt: die Geburt, die Beschneidung, die Verkündigung. Die rechte Seitenwandung enthält die Darstellung der heiligen drei Könige. Von der ursprünglichen Vergoldung sind noch Reste erhalten. (Landesmuseum Kunst &amp; Kultur Oldenburg)</marc:subfield>
          </marc:datafield>
          <marc:datafield tag="773" ind1="0" ind2=" ">
            <marc:subfield code="t">Highlights aus allen Sammlungen</marc:subfield>
          </marc:datafield>
          <marc:datafield tag="852" ind1=" " ind2=" ">
            <marc:subfield code="a">Landesmuseum Kunst &amp; Kultur Oldenburg</marc:subfield>
          </marc:datafield>
          <marc:datafield tag="852" ind1=" " ind2=" ">
            <marc:subfield code="a">Netherlands</marc:subfield>
          </marc:datafield>
          <marc:datafield tag="" ind1=" " ind2=" ">
            <marc:subfield code="a">Namensnennung - Nicht kommerziell - Keine Bearbeitungen 4.0 International (CC BY-NC-ND 4.0)</marc:subfield>
          </marc:datafield>
        </marc:record>
      </metadata>
    </record>
  </GetRecord>
</OAI-PMH>
